00958nam a2200205 a 450000100100000000500170001000800410002704000250006808200230009311100900011624500710020624600600027726000710033730000300040850000790043850000470051761101010056465000370066565000500070200003209620200930063427.0090701s2005 dr c 000 0 spa d aDO-SdBNPbspacBNPHU a021.7bF356o, 20052 aFeria Internacional del Libron(8ª :d2005 :cSanto Domingo, República Dominicana)10aVIII Feria Internacional del Libro Santo Domingo 2005 :bprograma.30aOctava Feria Internacional del Libro Santo Domingo 2005 aSanto Domingo :bDirección General de la Feria del Libro,c2005. a167 p. :bretr. ;c19 cm. aPaís invitado de honor: Italia, dedicada a Aída Cartagena Portalatín aA la cabeza de la portada: Leer es avanzar24aFERIA INTERNACIONAL DEL LIBROn(8ª :d2005 :cSANTO DOMINGO, REPÚBLICA DOMINICANA)xPROGRAMAS 4aFeria del libroxProgramasy2005 4aFeria del librozRepública Dominicanay2005